000 00836cab a2200229 4500
001 ABS53233
008 090401t1995 xxu||||| |||| 00| 0 eng d
035 _a(Sirsi) u2807
041 _aeng
100 _aPurcell, S.
245 _aBetterment: better for whom?
260 _c1995
350 _a0
490 _aSolicitors` Journal
_v139(26) 7 July 1995, 659(1)
520 _aDescribes how a claimant can in fact be worse off following compulsory purchase, when part of the land is retained; an increase in the value of the retained land can be set-off against compensation for land taken.
650 _aBETTERMENT
650 _aBUSINESS
650 _aCompulsory purchase
_96228
690 _aENVIRONMENTAL AND LAND CONSULTANCY-PLANNING AND DEVELOPMENT-COMPULSORY PURCHASE AND COMPENSATION
942 _n0
948 _c04/03/1997
999 _c1688
_d1688